[Event "43rd Guernsey International Open"]
[Site "?"]
[Date "2017.10.21"]
[Round "7"]
[White "Kozlowski, Thierry"]
[Black "Hoogland, Rob"]
[Result "1/2-1/2"]
[WhiteElo "2002"]
[BlackElo "1915"]
[PlyCount "138"]
[EventDate "2017.10.15"]
[EventType "swiss"]
[EventRounds "7"]
[SourceDate "2017.11.01"]
[SourceVersionDate "2017.11.01"]

1. d4 d5 2. c4 c6 3. Nf3 Nf6 4. g3 Bg4 5. Ne5 Bh5 6. Bg2 Nbd7 7. Nd2 e6 8. Nd3
Bd6 9. Qb3 Rb8 10. e4 dxe4 11. Nxe4 Nxe4 12. Bxe4 Bg6 13. Bxg6 hxg6 14. f4 Qa5+
15. Bd2 Qh5 16. Qd1 Qxd1+ 17. Rxd1 Nf6 18. Bb4 Bxb4+ 19. Nxb4 Ne4 20. Ke2 c5
21. Kf3 cxb4 22. Kxe4 b5 23. c5 Rc8 24. a3 bxa3 25. bxa3 Ke7 26. Rb1 a6 27. h4
Kd7 28. Rb4 Kc6 29. Rhb1 Rb8 30. a4 Rh5 31. axb5+ Rxb5 32. Rxb5 axb5 33. Ra1
Kb7 34. Ra5 Rh8 35. Rxb5+ Kc7 36. Ra5 Kb7 37. d5 exd5+ 38. Kxd5 Rd8+ 39. Kc4
Rd1 40. Ra3 Re1 41. Kd4 Re2 42. Re3 Rd2+ 43. Rd3 Rc2 44. Kd5 Kc7 45. Ra3 Rd2+
46. Kc4 Rc2+ 47. Kb4 Rb2+ 48. Rb3 Re2 49. Kb5 Re1 50. c6 Rc1 51. Re3 Rb1+ 52.
Kc5 Rc1+ 53. Kd5 Rd1+ 54. Ke4 Kxc6 55. f5 gxf5+ 56. Kxf5 Rd5+ 57. Re5 Rxe5+ 58.
Kxe5 Kd7 59. h5 Ke7 60. Kf5 Kf8 61. g4 Ke7 62. g5 Kf8 63. Ke4 Ke8 64. Kd5 Ke7
65. Ke4 Ke8 66. Kf5 Kf8 67. g6 fxg6+ 68. hxg6 Ke7 69. Ke5 Kd7 1/2-1/2

[Event "43rd Guernsey International Open"]
[Site "?"]
[Date "2017.10.21"]
[Round "7"]
[White "Sielicki, Tomasz"]
[Black "Canonne, Antoine"]
[Result "1-0"]
[WhiteElo "1997"]
[BlackElo "1893"]
[PlyCount "69"]
[EventDate "2017.10.15"]
[EventType "swiss"]
[EventRounds "7"]
[SourceDate "2017.11.01"]
[SourceVersionDate "2017.11.01"]

1. d4 Nc6 2. d5 Ne5 3. f4 Ng6 4. e4 e5 5. dxe6 dxe6 6. Qxd8+ Kxd8 7. Nf3 Bd7 8.
Be3 Nh6 9. h3 Be7 10. Nc3 Kc8 11. Bc4 Nh4 12. Nxh4 Bxh4+ 13. Ke2 Bd8 14. g4 c6
15. a4 Bb6 16. e5 f5 17. exf6 gxf6 18. Ne4 Rf8 19. Nc5 Nf7 20. Rad1 Bxc5 21.
Bxc5 Re8 22. Kf2 Kc7 23. Rhe1 Rad8 24. f5 Ne5 25. Bd6+ Kc8 26. Bxe5 fxe5 27. f6
h6 28. h4 Rg8 29. Rg1 Rg6 30. g5 Rdg8 31. Bd3 Be8 32. Bxg6 Rxg6 33. h5 Rxg5 34.
Rxg5 hxg5 35. h6 1-0

[Event "43rd Guernsey International Open"]
[Site "?"]
[Date "2017.10.21"]
[Round "7"]
[White "Burton, Ronnie"]
[Black "Morcom, Huw"]
[Result "1/2-1/2"]
[WhiteElo "1911"]
[BlackElo "1936"]
[PlyCount "28"]
[EventDate "2017.10.15"]
[EventType "swiss"]
[EventRounds "7"]
[SourceDate "2017.11.01"]
[SourceVersionDate "2017.11.01"]

1. c4 Nf6 2. g3 g6 3. Bg2 Bg7 4. Nc3 O-O 5. e4 d6 6. d4 c5 7. Nge2 cxd4 8. Nxd4
a6 9. O-O Qc7 10. Qd3 Nc6 11. Nxc6 bxc6 12. h3 Rb8 13. b3 a5 14. Rb1 Bd7
1/2-1/2

[Event "43rd Guernsey International Open"]
[Site "?"]
[Date "2017.10.21"]
[Round "7"]
[White "Dijksterhuis, Rolf"]
[Black "Schadd, Jan"]
[Result "1/2-1/2"]
[WhiteElo "1955"]
[BlackElo "1869"]
[PlyCount "24"]
[EventDate "2017.10.15"]
[EventType "swiss"]
[EventRounds "7"]
[SourceDate "2017.11.01"]
[SourceVersionDate "2017.11.01"]

1. e4 e6 2. d4 d5 3. Nc3 Bb4 4. e5 c5 5. a3 Bxc3+ 6. bxc3 Qa5 7. Bd2 Qa4 8. Nf3
Nc6 9. Qb1 c4 10. Be2 Nge7 11. O-O b6 12. h3 Bd7 1/2-1/2

[Event "43rd Guernsey International Open"]
[Site "?"]
[Date "2017.10.21"]
[Round "7"]
[White "Shaw, Meyrick"]
[Black "Winter, Kevin"]
[Result "1-0"]
[WhiteElo "1954"]
[BlackElo "1774"]
[PlyCount "79"]
[EventDate "2017.10.15"]
[EventType "swiss"]
[EventRounds "7"]
[SourceDate "2017.11.01"]
[SourceVersionDate "2017.11.01"]

1. d4 Nf6 2. Bf4 g6 3. c3 Bg7 4. Nd2 d6 5. e4 Nh5 6. Be3 Nf6 7. Bc4 O-O 8. Ngf3
Nc6 9. Qc2 a6 10. h3 Rb8 11. O-O b5 12. Bd3 Nd7 13. Rac1 Nf6 14. d5 Ne5 15.
Nxe5 dxe5 16. Nf3 Nh5 17. Rfd1 f5 18. c4 fxe4 19. Bxe4 Nf4 20. c5 Bf5 21. Kf1
Qd7 22. Bxf5 Rxf5 23. Qe4 Rbf8 24. g4 Ng2 25. gxf5 gxf5 26. Nxe5 fxe4 27. Nxd7
Nxe3+ 28. Ke2 Nxd1 29. Nxf8 Nxf2 30. Ne6 Bh6 31. Rg1+ Kf7 32. Kxf2 Kf6 33. Nxc7
Ke5 34. Rd1 Kf4 35. Nxa6 Bg7 36. c6 b4 37. c7 b3 38. c8=Q e6 39. Nc5 h5 40.
Nxe6+ 1-0

[Event "43rd Guernsey International Open"]
[Site "?"]
[Date "2017.10.21"]
[Round "7"]
[White "Magnussen, Pal"]
[Black "Agustsson, Hafsteinn"]
[Result "1-0"]
[WhiteElo "1867"]
[BlackElo "1925"]
[PlyCount "81"]
[EventDate "2017.10.15"]
[EventType "swiss"]
[EventRounds "7"]
[SourceDate "2017.11.01"]
[SourceVersionDate "2017.11.01"]

1. e4 c5 2. Nf3 Nc6 3. Bb5 e6 4. Bxc6 bxc6 5. O-O Ne7 6. d4 cxd4 7. Qxd4 Qb6 8.
Be3 Qxd4 9. Bxd4 d5 10. Nbd2 f6 11. Rfe1 e5 12. Bc5 Kf7 13. Rad1 Be6 14. Nb3 a5
15. Bd6 dxe4 16. Rxe4 Bf5 17. Re2 Rd8 18. Red2 Bxc2 19. Rxc2 Nf5 20. Rxc6 Bxd6
21. g4 Nd4 22. Nbxd4 exd4 23. Rxd4 Ke6 24. Ra6 Ke7 25. Re4+ Kf7 26. Rxa5 Ra8
27. Rea4 Rxa5 28. Rxa5 Rb8 29. b3 Rb4 30. h3 Bf4 31. Rd5 Ke6 32. Rd1 g6 33.
Nd4+ Kf7 34. Kf1 Rb6 35. Ke2 Ra6 36. a4 Rb6 37. Kd3 Be5 38. Kc4 Bd6 39. Nb5
Rc6+ 40. Kd5 Rb6 41. Nxd6+ 1-0

[Event "43rd Guernsey International Open"]
[Site "?"]
[Date "2017.10.21"]
[Round "7"]
[White "Boldt, Heinrich"]
[Black "Hawkins, James NH"]
[Result "1/2-1/2"]
[WhiteElo "1835"]
[BlackElo "1920"]
[PlyCount "52"]
[EventDate "2017.10.15"]
[EventType "swiss"]
[EventRounds "7"]
[SourceDate "2017.11.01"]
[SourceVersionDate "2017.11.01"]

1. d4 Nf6 2. Nf3 e6 3. Bf4 b6 4. e3 Bb7 5. Bd3 c5 6. c3 Be7 7. Qe2 O-O 8. Nbd2
d5 9. Ne5 Nbd7 10. Ndf3 Ne4 11. Nxd7 Qxd7 12. Ne5 Qd8 13. f3 Nf6 14. g4 cxd4
15. exd4 Nd7 16. Qc2 Bh4+ 17. Ke2 Nxe5 18. Bxh7+ Kh8 19. Bxe5 Bf6 20. Bxf6 Qxf6
21. Bd3 e5 22. dxe5 Rfe8 23. Kf2 Rxe5 24. Rhg1 Rae8 25. Rg3 g6 26. Qd2 Kg7
1/2-1/2

[Event "43rd Guernsey International Open"]
[Site "?"]
[Date "2017.10.21"]
[Round "7"]
[White "Ingham, H William"]
[Black "Boerkamp, Harry"]
[Result "1/2-1/2"]
[WhiteElo "1817"]
[BlackElo "1896"]
[PlyCount "59"]
[EventDate "2017.10.15"]
[EventType "swiss"]
[EventRounds "7"]
[SourceDate "2017.11.01"]
[SourceVersionDate "2017.11.01"]

1. d4 Nf6 2. Bf4 d5 3. e3 e6 4. Nf3 Bd6 5. Bxd6 Qxd6 6. Bd3 Nbd7 7. Nbd2 e5 8.
dxe5 Nxe5 9. Nxe5 Qxe5 10. O-O O-O 11. c3 c6 12. Qc2 h6 13. h3 Bd7 14. Rfe1
Rfe8 15. Rad1 Rad8 16. e4 dxe4 17. Nxe4 Nxe4 18. Rxe4 Qc7 19. Rde1 Rxe4 20.
Rxe4 Bf5 21. Re3 Bxd3 22. Rxd3 Rxd3 23. Qxd3 c5 24. c4 b6 25. Qd5 Qe7 26. Kf1
g6 27. Qd2 Qe4 28. b3 Qb1+ 29. Ke2 Qe4+ 30. Kf1 1/2-1/2

[Event "43rd Guernsey International Open"]
[Site "?"]
[Date "2017.10.21"]
[Round "7"]
[White "Plug, Arjan"]
[Black "Hickman, John E"]
[Result "1-0"]
[WhiteElo "1814"]
[BlackElo "1910"]
[PlyCount "81"]
[EventDate "2017.10.15"]
[EventType "swiss"]
[EventRounds "7"]
[SourceDate "2017.11.01"]
[SourceVersionDate "2017.11.01"]

1. e4 d6 2. Nc3 Nf6 3. g3 g6 4. Bg2 Bg7 5. Nge2 O-O 6. O-O e5 7. d3 Be6 8. h3
c6 9. Be3 d5 10. Bg5 d4 11. Nb1 c5 12. b3 Nc6 13. Nd2 h6 14. Bxf6 Bxf6 15. f4
Bd7 16. Nf3 b5 17. fxe5 Bxe5 18. Nf4 Bg7 19. a4 a6 20. axb5 axb5 21. Kh2 Nb4
22. Qd2 Qc7 23. Ne2 Qd6 24. e5 Qe7 25. Nf4 Bc6 26. e6 g5 27. Nh5 fxe6 28. Qe2
Rxa1 29. Rxa1 Nxc2 30. Rc1 Ne3 31. Nxg7 Nxg2 32. Nxd4 Bd5 33. Ngf5 Qh7 34. Rxc5
Rxf5 35. Nxf5 Qxf5 36. Qh5 Ne3 37. Rc8+ Kg7 38. Rc7+ Kg8 39. Qe8+ Qf8 40. Qg6+
Kh8 41. Qh7# 1-0

[Event "43rd Guernsey International Open"]
[Site "?"]
[Date "2017.10.21"]
[Round "7"]
[White "Goris, Ton"]
[Black "Van der Giessen, Ada Leona"]
[Result "1-0"]
[WhiteElo "2006"]
[BlackElo "1821"]
[PlyCount "183"]
[EventDate "2017.10.15"]
[EventType "swiss"]
[EventRounds "7"]
[SourceDate "2017.11.01"]
[SourceVersionDate "2017.11.01"]

1. e4 c5 2. c3 d5 3. exd5 Qxd5 4. d4 e5 5. dxe5 Qxe5+ 6. Be2 Nc6 7. Nf3 Qd6 8.
Qc2 Nf6 9. O-O Be7 10. Na3 O-O 11. Bg5 Be6 12. Rad1 Qc7 13. Bh4 a6 14. Bd3 h6
15. Bc4 Bxc4 16. Nxc4 Rad8 17. Bg3 Qc8 18. Nb6 Qg4 19. h3 Qe4 20. Qxe4 Nxe4 21.
Bc7 Rxd1 22. Rxd1 Bd8 23. Bxd8 Rxd8 24. Rxd8+ Nxd8 25. Ne5 f6 26. Ned7 Ne6 27.
f3 Nd6 28. Kf2 Kf7 29. Na4 c4 30. Ndb6 Ke7 31. g3 Kd8 32. b3 cxb3 33. axb3 Nc8
34. Ke3 Nxb6 35. Nxb6 Kc7 36. Nc4 b6 37. f4 b5 38. Nd2 f5 39. b4 Kd6 40. Nf3
Nc7 41. Nh4 Ke6 42. Kd4 g5 43. fxg5 hxg5 44. Ng2 Ne8 45. h4 Kf6 46. Kc5 Nc7 47.
h5 Ne6+ 48. Kb6 f4 49. gxf4 Nxf4 50. Ne3 Nxh5 51. Kxa6 Ke5 52. Kxb5 Kf4 53. Nf1
Ng3 54. Nxg3 Kxg3 55. c4 Kf3 56. c5 g4 57. c6 g3 58. c7 g2 59. c8=Q g1=Q 60.
Qf5+ Ke2 61. Qe4+ Kd2 62. Qd5+ Ke2 63. Kc6 Qg6+ 64. Kb7 Qg7+ 65. Kb6 Qf6+ 66.
Qc6 Qd8+ 67. Ka6 Qf8 68. b5 Qa3+ 69. Kb7 Qe7+ 70. Qc7 Qe4+ 71. Qc6 Qe7+ 72. Ka6
Qa3+ 73. Kb6 Qe7 74. Qc2+ Ke1 75. Qc1+ Ke2 76. Ka6 Qe8 77. Qc6 Qe7 78. b6 Qa3+
79. Kb7 Qe7+ 80. Qc7 Qe4+ 81. Qc6 Qe7+ 82. Kb8 Qf8+ 83. Qc8 Qd6+ 84. Ka7 Qe7+
85. b7 Qa3+ 86. Kb8 Qd6+ 87. Qc7 Qf8+ 88. Ka7 Qa3+ 89. Kb6 Qb4+ 90. Ka6 Qa3+
91. Qa5 Qd6+ 92. Ka7 1-0

[Event "43rd Guernsey International Open"]
[Site "?"]
[Date "2017.10.21"]
[Round "7"]
[White "Strade, Arita"]
[Black "Gravett, Alan D"]
[Result "0-1"]
[WhiteElo "1917"]
[BlackElo "1810"]
[PlyCount "108"]
[EventDate "2017.10.15"]
[EventType "swiss"]
[EventRounds "7"]
[SourceDate "2017.11.01"]
[SourceVersionDate "2017.11.01"]

1. Nf3 Nf6 2. d4 d6 3. c4 g6 4. Nc3 Bg7 5. Bg5 O-O 6. e3 c5 7. Be2 Na6 8. O-O
Nc7 9. d5 Rb8 10. Rc1 a6 11. a4 b6 12. Nd2 Bd7 13. h4 b5 14. b3 b4 15. Nce4
Nxe4 16. Nxe4 Ne8 17. h5 h6 18. Bh4 g5 19. Bg3 f5 20. Nd2 Nf6 21. Kh2 Qe8 22.
Rh1 g4 23. Bd3 Nxh5 24. Bf4 Nxf4 25. exf4 h5 26. Kg1 Qg6 27. Nf1 Bf6 28. g3 Rf7
29. Ne3 h4 30. gxh4 Bd4 31. Kf1 Kh8 32. Rg1 Qh6 33. Ng2 g3 34. f3 Bxg1 35. Kxg1
a5 36. Rc2 Re8 37. Qe1 Qg7 38. Re2 Qd4+ 39. Re3 Rg7 40. Kf1 e5 41. dxe6 Rxe6
42. Rxe6 Bxe6 43. Qe3 Qa1+ 44. Qe1 Qb2 45. Kg1 Qf6 46. Kf1 Bf7 47. Qe3 Bh5 48.
Bc2 Re7 49. Qd3 Qa1+ 50. Qd1 Qc3 51. Qd3 Qxd3+ 52. Bxd3 Bxf3 53. Ne1 Bd1 54.
Bc2 Rxe1+ 0-1

[Event "43rd Guernsey International Open"]
[Site "?"]
[Date "2017.10.21"]
[Round "7"]
[White "Van Hoek, Wim"]
[Black "Cook, Chris"]
[Result "1-0"]
[WhiteElo "1907"]
[BlackElo "1771"]
[PlyCount "59"]
[EventDate "2017.10.15"]
[EventType "swiss"]
[EventRounds "7"]
[SourceDate "2017.11.01"]
[SourceVersionDate "2017.11.01"]

1. e3 e5 2. e4 f5 3. Bc4 Nf6 4. d3 c6 5. Nf3 d5 6. exd5 cxd5 7. Bb5+ Bd7 8.
Bxd7+ Nbxd7 9. O-O Bd6 10. c4 O-O 11. cxd5 e4 12. Ng5 Re8 13. Nc3 h6 14. Ne6
Rxe6 15. dxe6 Bxh2+ 16. Kh1 Ng4 17. g3 Qb6 18. d4 Ndf6 19. e7 Qc6 20. d5 Qe8
21. Kg2 Qh5 22. Rh1 e3 23. Qf3 exf2 24. Bf4 g5 25. Bd2 f4 26. gxf4 gxf4 27.
Bxf4 Kh8 28. Rxh2 Nxh2 29. Qxh5 Nxh5 30. Be5+ 1-0

[Event "43rd Guernsey International Open"]
[Site "?"]
[Date "2017.10.21"]
[Round "7"]
[White "Brookfield, Toby"]
[Black "Frijling, Jeroen"]
[Result "1-0"]
[WhiteElo "1859"]
[BlackElo "1727"]
[PlyCount "73"]
[EventDate "2017.10.15"]
[EventType "swiss"]
[EventRounds "7"]
[SourceDate "2017.11.01"]
[SourceVersionDate "2017.11.01"]

1. e4 c5 2. Nf3 Nc6 3. d4 cxd4 4. Nxd4 e5 5. Nb5 d6 6. N1c3 a6 7. Na3 Be7 8.
Be3 Nf6 9. Nc4 b5 10. Nb6 Rb8 11. Nxc8 Qxc8 12. Be2 O-O 13. f3 Na5 14. Qd3 Nc4
15. Bc1 Rd8 16. O-O Qc5+ 17. Kh1 d5 18. Nxd5 Nxd5 19. exd5 Rxd5 20. Qb3 Rbd8
21. Bxc4 bxc4 22. Qc3 Qb5 23. a4 Qb7 24. Be3 Qb4 25. Qxb4 Bxb4 26. Kg1 Bd2 27.
Bxd2 Rxd2 28. Rac1 Re2 29. Rf2 Rxf2 30. Kxf2 Rd2+ 31. Ke3 Rxg2 32. b4 f6 33. b5
axb5 34. axb5 c3 35. b6 Rd2 36. b7 Rd8 37. Ra1 1-0

[Event "43rd Guernsey International Open"]
[Site "?"]
[Date "2017.10.21"]
[Round "7"]
[White "Von Saldern, Ruediger"]
[Black "Rowe, Peter"]
[Result "0-1"]
[WhiteElo "1894"]
[BlackElo "1974"]
[PlyCount "68"]
[EventDate "2017.10.15"]
[EventType "swiss"]
[EventRounds "7"]
[SourceDate "2017.11.01"]
[SourceVersionDate "2017.11.01"]

1. d4 d6 2. c4 Nd7 3. Nc3 e5 4. d5 f5 5. e4 fxe4 6. Nxe4 Ngf6 7. Bd3 Be7 8. Ng5
Nc5 9. Bxh7 Kf8 10. Qf3 Bg4 11. Qg3 Qd7 12. Bc2 a5 13. Qe3 Bf5 14. Bxf5 Qxf5
15. N1h3 Rh4 16. O-O Rxc4 17. Qe2 Rc2 18. Qd1 Kg8 19. f4 Qd3 20. fxe5 dxe5 21.
Nf3 Bd6 22. Nf2 Qxd1 23. Rxd1 a4 24. Rb1 b6 25. Ne1 Rc4 26. Be3 Rd8 27. Kf1 Be7
28. b4 axb3 29. axb3 Rc3 30. Bxc5 Bxc5 31. Nfd3 Nxd5 32. Ke2 Bd4 33. Nf3 Rc2+
34. Rd2 Nc3+ 0-1

[Event "43rd Guernsey International Open"]
[Site "?"]
[Date "2017.10.21"]
[Round "7"]
[White "Spanton, Timothy R"]
[Black "Bakkes, Frits"]
[Result "1-0"]
[WhiteElo "1858"]
[BlackElo "1636"]
[PlyCount "63"]
[EventDate "2017.10.15"]
[EventType "swiss"]
[EventRounds "7"]
[SourceDate "2017.11.01"]
[SourceVersionDate "2017.11.01"]

1. c4 e5 2. Nc3 Nf6 3. Nf3 d6 4. d4 exd4 5. Nxd4 Be7 6. e4 Bd7 7. Be2 O-O 8.
O-O Nc6 9. Be3 Re8 10. f3 Nxd4 11. Bxd4 Bf8 12. Qd2 g6 13. Rad1 Bg7 14. Nd5 Bc6
15. b4 a6 16. Qb2 Nh5 17. Bxg7 Nxg7 18. Nf6+ Kh8 19. Nxe8 Qxe8 20. b5 axb5 21.
cxb5 Bd7 22. Bc4 Ra5 23. Qb4 b6 24. a4 f5 25. exf5 Bxf5 26. Rfe1 Qa8 27. Bb3
Qc8 28. Qc4 h5 29. Re7 Be6 30. Rxe6 Nxe6 31. Qxe6 Qxe6 32. Bxe6 1-0

[Event "43rd Guernsey International Open"]
[Site "?"]
[Date "2017.10.21"]
[Round "7"]
[White "Murray, J Stephen"]
[Black "Cummins, John"]
[Result "1-0"]
[WhiteElo "1763"]
[BlackElo "1790"]
[PlyCount "47"]
[EventDate "2017.10.15"]
[EventType "swiss"]
[EventRounds "7"]
[SourceDate "2017.11.01"]
[SourceVersionDate "2017.11.01"]

1. e4 e5 2. Nf3 Nc6 3. Bc4 Be7 4. O-O Nf6 5. Re1 O-O 6. c3 d6 7. Bb3 Bg4 8. d3
h6 9. h3 Bd7 10. Nbd2 a6 11. Nf1 b5 12. Ng3 Na5 13. Bc2 Nh7 14. d4 Ng5 15. Bxg5
hxg5 16. dxe5 g4 17. exd6 cxd6 18. hxg4 Bxg4 19. Qd3 g6 20. e5 dxe5 21. Nxe5
Be6 22. Nxg6 Qxd3 23. Nxe7+ Kg7 24. Bxd3 1-0